000 00519nam a22001697a 4500
003 SISC
005 20160929132113.0
008 160929b xxu||||| |||| 00| 0 eng d
020 _a9780128003428
050 _aTK 7895.E42
_b.B168 2016
100 _aBakos, Jason D.
245 _aEmbedded systems :
_bARM programming and optimization /
_cJason D. Bakos.
260 _aAmsterdam :
_bElsevier,
_c2016.
300 _axv, 300 pages :
_billustrations ;
_c24 cm.
500 _aIncludes appendix and index.
942 _2lcc
_cBK
999 _c305133
_d305133